ANNUAL BOOK OF ASTM STANDARDS 1990 (Record no. 547169)
[ view plain ]
| 000 -LEADER | |
|---|---|
| fixed length control field | 00468 a2200157 4500 |
| 020 ## - INTERNATIONAL STANDARD BOOK NUMBER | |
| International Standard Book Number | 0-8031-1581-4 |
| 082 ## - DEWEY DECIMAL CLASSIFICATION NUMBER | |
| Classification number | 624.18341 AST |
| Author Mark | L-36-P-86 |
| 090 ## - LOCALLY ASSIGNED LC-TYPE CALL NUMBER (OCLC); LOCAL CALL NUMBER (RLIN) | |
| -- | 3047 |
| -- | 3047 |
| 100 ## - MAIN ENTRY--PERSONAL NAME | |
| Personal name | ASTM |
| 9 (RLIN) | 25089 |
| 245 ## - TITLE STATEMENT | |
| Title | ANNUAL BOOK OF ASTM STANDARDS 1990 |
| Remainder of title | CEMENT, LIME, GYPSUM |
| 260 ## - PUBLICATION, DISTRIBUTION, ETC. | |
| Place of publication, distribution, etc. | NEW YARK |
| Name of publisher, distributor, etc. | ASTM PUBLICSTION |
| Date of publication, distribution, etc. | 1990 |
| 300 ## - PHYSICAL DESCRIPTION | |
| Extent | XV, 558P. |
| Dimensions | 28CM |
| 500 ## - GENERAL NOTE | |
| General note | CONSTRUCTION |
| 526 ## - STUDY PROGRAM INFORMATION NOTE | |
| Program name | 0 |
| Interest level | 0 |
| Reading level | 0 |
| Title point value | 624_183410000000000_AST_L36P86 |
| 942 ## - ADDED ENTRY ELEMENTS (KOHA) | |
| Source of classification or shelving scheme | |
| Institution code [OBSOLETE] | MCE |
| Koha item type | |
| Call number prefix | 624.18341 AST |
| Withdrawn status | Lost status | Source of classification or shelving scheme | Damaged status | Not for loan | Permanent Location | Current Location | Date acquired | Total Checkouts | Full call number | Barcode | Date last seen | Price effective from | Koha item type |
|---|---|---|---|---|---|---|---|---|---|---|---|---|---|
| Military College of Engineering (MCE) | Military College of Engineering (MCE) | 07/03/2014 | 624.18341 AST L-36-P-86 | MCE-26824 | 07/03/2014 | 07/03/2014 |
